| 000 | 00937cab a2200181 4500 | ||
|---|---|---|---|
| 001 | ##L132751 | ||
| 008 | 060306n2006 000 0 eng u | ||
| 035 | _a(Sirsi) u132751 | ||
| 041 | 0 | _aeng | |
| 100 | 1 | _aTinworth, Adam | |
| 245 | 0 | 0 | _aLandlords hold their breadth |
| 260 | _c2006 | ||
| 490 | 0 |
_aEstates Gazette _v(0608) 25 February 2006, 60-62(3) |
|
| 520 | _aSurveys the market's views on the likely effects of the smoking ban from summer 2007 on pub trade and pub property values. Considers both optimistic and pessimistic assessments from market players. Looks at ways pubs could adapt to the smoking ban and a scenario where smokers will increasingly buy their alcohol from shops and drink it at home rather than go out to a pub and not be able to smoke. | ||
| 590 | _aIKA140306 | ||
| 690 | _aPROPERTY-COMMERCIAL PROPERTY-LEISURE PROPERTY-REFRESHMENT AND CULINARY PROPERTY-LICENSED PROPERTY-LICENSED PREMISES | ||
| 942 | _n0 | ||
| 999 |
_c76602 _d76602 |
||